000
00290nam a2200121Ia 4500
008
190802s9999 xx 000 0 und d
020
_a
978-93-530-6896-7
100
_a
John F. Hughes
245
0
_a
Computer Graphics
260
_a
New Delhi
_b
Pearson
_c
2019
300
_a
1209:p
942
_c
BK
999
_c
2573
_d
2573